Трактаты о вечном мире (Запись № 8702060)

Подробности
000 -МАРКЕР
контрольное поле 03843nam0a22004211 4500
001 - ИДЕНТИФИКАТОР ЗАПИСИ
контрольное поле rc\4854636
005 - ИДЕНТИФИКАТОР ВЕРСИИ
контрольное поле 20130426143728.4
021 ## - НОМЕР ГОСУДАРСТВЕННОЙ РЕГИСТРАЦИИ
Код страны Российская Федерация
Номер [63-72787]
035 ## - ДРУГИЕ СИСТЕМНЫЕ НОМЕРА
Идентификатор записи (NLR Aleph) 008900883
100 ## - ДАННЫЕ ОБЩЕЙ ОБРАБОТКИ
Данные общей обработки 20130426d1963 |||y0rusy50 ca
101 0# - ЯЗЫК РЕСУРСА
Язык текста, звукозаписи и т.д. русский
102 ## - СТРАНА ПУБЛИКАЦИИ ИЛИ ПРОИЗВОДСТВА
Страна публикации Российская Федерация
105 ## - ПОЛЕ КОДИРОВАННЫХ ДАННЫХ: ТЕКСТОВЫЕ МАТЕРИАЛЫ, МОНОГРАФИЧЕСКИЕ
Кодированные данные о монографическом текстовом документе c z |||||
200 1# - ЗАГЛАВИЕ И СВЕДЕНИЯ ОБ ОТВЕТСТВЕННОСТИ
Основное заглавие Трактаты о вечном мире
Первые сведения об ответственности [Предисл. чл.-кор. АН СССР Ф.В. Константинова
Последующие сведения об ответственности Вводная статья, с. 13-38, и примеч. И.С. Андреевой]
210 ## - ПУБЛИКАЦИЯ, РАСПРОСТРАНЕНИЕ И ДР.
Место издания, распространения и т.д. Москва
Имя издателя, распространителя и т. д. Соцэкгиз
Дата издания, распространения и т.д. 1963
215 ## - ФИЗИЧЕСКАЯ ХАРАКТЕРИСТИКА
Специфическое обозначение материала и объем 278 с., 9 л. портр.
Размеры 19
300 ## - ОБЩИЕ ПРИМЕЧАНИЯ
Текст примечания На обороте тит. л. сост.: И.С. Андреева и А.В. Гулыга
320 ## - ПРИМЕЧАНИЯ О НАЛИЧИИ В ДОКУМЕНТЕ БИБЛИОГРАФИИ / УКАЗАТЕЛЯ
Текст примечания Библиогр.: с. 274-275
327 1# - ПРИМЕЧАНИЯ О СОДЕРЖАНИИ
Текст примечания Содерж.: Жалоба мира / Эразм Роттердамский. Всеобщий совет об исправлении человеческих дел (часть шестая); Всеобщее исправление (Panorthosie) / Я.А. Коменский. Опыт о настоящем и будущем мире в Европе путем создания европейского Конгресса, Парламента или Палаты государств / В. Пенн. Избранные места из проекта вечного мира (в изложении Ж.-Ж. Руссо) / Ш.И. де Сен-Пьер. Суждение о вечном мире / Ж.-Ж. Руссо. К вечному миру / И. Кант. К вечному миру. Филосовский проект Иммануила Канта / И.Г. Фихте. Письма для поощрения гуманности / И.Г. Гердер. Рассуждение о мире и войне / В.Ф. Малиновский
464 #0 - АНАЛИТИЧЕСКИЙ УРОВЕНЬ
Встроенное поле 2001#$aК вечному миру
-- 700#1$aКант$bИ.$f1724-1804$gИммануил
464 #0 - АНАЛИТИЧЕСКИЙ УРОВЕНЬ
Встроенное поле 2001#$aСуждение о вечном мире
-- 700#1$aРуссо$bЖ.Ж.$f1712-1778$gЖан Жак
464 #0 - АНАЛИТИЧЕСКИЙ УРОВЕНЬ
Встроенное поле 2001#$aК вечному миру$eФилософский проект Иммануила Канта
-- 700#1$aФихте$bИ.Г.$f1762-1814$gИоганн Готлиб
-- 702#1$aКант$bИ.$f1724-1804$gИммануил$4570
464 #0 - АНАЛИТИЧЕСКИЙ УРОВЕНЬ
Встроенное поле 2001#$aРассуждение о мире и войне
-- 700#1$aМалиновский$bВ.Ф.$f1765-1814$gВасилий Федорович
464 #0 - АНАЛИТИЧЕСКИЙ УРОВЕНЬ
Встроенное поле 2001#$aПисьма для поощрения гуманности
-- 700#1$aГердер$bИ.Г.$f1744-1803$gИоганн Готфрид
464 #0 - АНАЛИТИЧЕСКИЙ УРОВЕНЬ
Встроенное поле 2001#$aВсеобщий совет об исправлении человеческих дел (часть шестая)$aВсеобщее исправление (Panorthosie)
-- 700#1$aКоменский$bЯ.А.$f1592-1670$gЯн Амос
464 #0 - АНАЛИТИЧЕСКИЙ УРОВЕНЬ
Встроенное поле 2001#$aЖалоба мира
-- 700#0$aЭразм Роттердамский$f1469-1536
464 #0 - АНАЛИТИЧЕСКИЙ УРОВЕНЬ
Встроенное поле 2001#$aИзбранные места из проекта вечного мира (в изложении Ж.-Ж. Руссо)
-- 700#1$aСен-Пьер$bШ.И. де
-- 702#1$aРуссо$bЖ.Ж.$f1712-1778$gЖан Жак$4570
464 #0 - АНАЛИТИЧЕСКИЙ УРОВЕНЬ
Встроенное поле 2001#$aОпыт о настоящем и будущем мире в Европе путем создания европейского Конгресса, Парламента или Палаты государств
-- 700#1$aПенн$bВ.
606 ## - НАИМЕНОВАНИЕ ТЕМЫ КАК ПРЕДМЕТ
Наименование темы "Вечный мир"
Код системы psbo
702 #1 - ИМЯ ЛИЦА - ВТОРИЧНАЯ ОТВЕТСТВЕННОСТЬ
Начальный элемент ввода Гулыга
Часть имени, кроме начального элемента ввода А. В.
Код отношения Составитель
702 #1 - ИМЯ ЛИЦА - ВТОРИЧНАЯ ОТВЕТСТВЕННОСТЬ
Начальный элемент ввода Константинов
Часть имени, кроме начального элемента ввода Ф. В.
Даты 1901-1991
Расширение инициалов личного имени Федор Васильевич
Идентификатор авторитетной/нормативной записи RU\NLR\AUTH\770278220
Код отношения Автор введения, предисловия, примечания и т.п.
702 #1 - ИМЯ ЛИЦА - ВТОРИЧНАЯ ОТВЕТСТВЕННОСТЬ
Начальный элемент ввода Андреева
Часть имени, кроме начального элемента ввода И. С.
Код отношения Автор введения, предисловия, примечания и т.п.
-- Комментатор печатного текста
-- Составитель
801 #0 - ИСТОЧНИК ЗАПИСИ
Страна Российская Федерация
Организация NLR
Правила каталогизации psbo
801 #1 - ИСТОЧНИК ЗАПИСИ
Страна Российская Федерация
Организация ELAR
Источник данных rusmarc
852 ## - МЕСТОНАХОЖДЕНИЕ И ШИФР ХРАНЕНИЯ
Идентификатор организации NLR
Шифр хранения (Call Number) 63-3/5236
942 ## - ДОПОЛНИТЕЛЬНЫЕ ЭЛЕМЕНТЫ ЗАПИСИ (АБИС)
Тип экземпляра АБИС Книга
980 ## - КОЛЛЕКЦИЯ
Название коллекции Национальная библиография
Экземпляры
Тип экземпляра Дата поступления Библиотека постоянного хранения Библиотека текущего хранения Место хранения Шифр хранения Штрих-код Статус экземпляра Стоимость
Книга 26.10.2013 РНБ (Московский) РНБ (Московский) Русский книжный фонд: издания с 1957 года 63-3/5236 1-897439    
Книга 12.12.2013 РНБ (Московский) РНБ (Московский) Фонд общего зала социально-экономической литературы С1 С550.51/Т-652 1-222723   0.81